000 00634nam a2200241Ia 4500
008 170203s9999 xx 000 0 und d
020 _a0 877798095
050 _a413
050 _bM568 2003
245 _aMerriam-Webster's collegiate dictionary /
245 _cMerriam-Webster, Incorporated.
250 _a11th edition.
260 _aSpringfield, MA :
260 _bMerriam-Webster, Incorporated.
260 _c2003
300 _a1623 pages :
300 _billustrations :
300 _c26 cm.
300 _e1 CD-ROM.
650 _aEnglish language --
650 _aEnglish language.
650 _xDictionaries.
999 _c305565
_d305565